000 00610nam a2200229Ia 4500
003 OSt
005 20220923225141.0
006 a|||||r|||| 00| 0
007 ta
008 Pun
024 _a258,524
037 _cTextual
040 _aARTS
_cARTS
_bPun
041 _2Pun
_aPun
082 _aO153,2N38,KB, M9
100 _aਸਿੱਧੁ, ਚਰਨ ਦਾਸ
_9156265
245 0 _aਕਿਰਪਾ ਬੋਣਾ
260 _c1989
650 _aਪੰਜਾਬੀ ਸਾਹਿਤ
942 _hO153,2N38,KB, M9
_cTEXL
_2CC
999 _c376404
_d376404